<?xml version="1.0" encoding="UTF-8"?>
<collection xmlns="http://www.loc.gov/MARC21/slim">
<record>
  <controlfield tag="001">5546</controlfield>
  <controlfield tag="005">20220128103709.0</controlfield>
  <datafield tag="037" ind1=" " ind2=" ">
    <subfield code="a">SCART-2022-0012</subfield>
  </datafield>
  <datafield tag="100" ind1=" " ind2=" ">
    <subfield code="a">De Cat, Peter</subfield>
  </datafield>
  <datafield tag="245" ind1=" " ind2=" ">
    <subfield code="a">Minor Planet Observations [012 Uccle]</subfield>
  </datafield>
  <datafield tag="260" ind1=" " ind2=" ">
    <subfield code="c">2021</subfield>
  </datafield>
  <datafield tag="500" ind1=" " ind2=" ">
    <subfield code="a">19 positions published in 2021 (MPS 1381406, 1488691, 1488702, 1528531)</subfield>
  </datafield>
  <datafield tag="536" ind1=" " ind2=" ">
    <subfield code="a">Lotto/</subfield>
    <subfield code="c">Lotto/</subfield>
    <subfield code="f">Lotto</subfield>
  </datafield>
  <datafield tag="594" ind1=" " ind2=" ">
    <subfield code="a">NO</subfield>
  </datafield>
  <datafield tag="653" ind1="1" ind2=" ">
    <subfield code="a">Astrometry</subfield>
  </datafield>
  <datafield tag="653" ind1="1" ind2=" ">
    <subfield code="a">Asteroids</subfield>
  </datafield>
  <datafield tag="700" ind1=" " ind2=" ">
    <subfield code="a">Pauwels, Thierry</subfield>
  </datafield>
  <datafield tag="773" ind1=" " ind2=" ">
    <subfield code="p">Minor Planet Circulars</subfield>
    <subfield code="y">2021</subfield>
  </datafield>
  <datafield tag="856" ind1="0" ind2=" ">
    <subfield code="f">thierry.pauwels@observatoire.be</subfield>
  </datafield>
  <datafield tag="856" ind1="4" ind2=" ">
    <subfield code="s">145868</subfield>
    <subfield code="u">http://publi2-as.oma.be/record/5546/files/MPS_20211230_1528531.pdf</subfield>
    <subfield code="y">MPS 1528531</subfield>
  </datafield>
  <datafield tag="856" ind1="4" ind2=" ">
    <subfield code="s">148706</subfield>
    <subfield code="u">http://publi2-as.oma.be/record/5546/files/MPS_20211022_1488702.pdf</subfield>
    <subfield code="y">MPS 1488702</subfield>
  </datafield>
  <datafield tag="856" ind1="4" ind2=" ">
    <subfield code="s">149336</subfield>
    <subfield code="u">http://publi2-as.oma.be/record/5546/files/MPS_20210504_1381406.pdf</subfield>
    <subfield code="y">MPS 1381406</subfield>
  </datafield>
  <datafield tag="856" ind1="4" ind2=" ">
    <subfield code="s">152998</subfield>
    <subfield code="u">http://publi2-as.oma.be/record/5546/files/MPS_20211022_1488691.pdf</subfield>
    <subfield code="y">MPS 1488691</subfield>
  </datafield>
  <datafield tag="856" ind1="4" ind2=" ">
    <subfield code="s">19823</subfield>
    <subfield code="u">http://publi2-as.oma.be/record/5546/files/MPS_20211230_1528531.jpg?subformat=icon-180</subfield>
    <subfield code="x">icon-180</subfield>
    <subfield code="y">MPS 1528531</subfield>
  </datafield>
  <datafield tag="856" ind1="4" ind2=" ">
    <subfield code="s">19934</subfield>
    <subfield code="u">http://publi2-as.oma.be/record/5546/files/MPS_20210504_1381406.jpg?subformat=icon-180</subfield>
    <subfield code="x">icon-180</subfield>
    <subfield code="y">MPS 1381406</subfield>
  </datafield>
  <datafield tag="856" ind1="4" ind2=" ">
    <subfield code="s">20030</subfield>
    <subfield code="u">http://publi2-as.oma.be/record/5546/files/MPS_20211022_1488702.jpg?subformat=icon-180</subfield>
    <subfield code="x">icon-180</subfield>
    <subfield code="y">MPS 1488702</subfield>
  </datafield>
  <datafield tag="856" ind1="4" ind2=" ">
    <subfield code="s">20139</subfield>
    <subfield code="u">http://publi2-as.oma.be/record/5546/files/MPS_20211022_1488691.jpg?subformat=icon-180</subfield>
    <subfield code="x">icon-180</subfield>
    <subfield code="y">MPS 1488691</subfield>
  </datafield>
  <datafield tag="856" ind1="4" ind2=" ">
    <subfield code="s">24884</subfield>
    <subfield code="u">http://publi2-as.oma.be/record/5546/files/MPS_20211230_1528531.gif?subformat=icon</subfield>
    <subfield code="x">icon</subfield>
    <subfield code="y">MPS 1528531</subfield>
  </datafield>
  <datafield tag="856" ind1="4" ind2=" ">
    <subfield code="s">25254</subfield>
    <subfield code="u">http://publi2-as.oma.be/record/5546/files/MPS_20211022_1488691.gif?subformat=icon</subfield>
    <subfield code="x">icon</subfield>
    <subfield code="y">MPS 1488691</subfield>
  </datafield>
  <datafield tag="856" ind1="4" ind2=" ">
    <subfield code="s">25629</subfield>
    <subfield code="u">http://publi2-as.oma.be/record/5546/files/MPS_20211022_1488702.gif?subformat=icon</subfield>
    <subfield code="x">icon</subfield>
    <subfield code="y">MPS 1488702</subfield>
  </datafield>
  <datafield tag="856" ind1="4" ind2=" ">
    <subfield code="s">25846</subfield>
    <subfield code="u">http://publi2-as.oma.be/record/5546/files/MPS_20210504_1381406.gif?subformat=icon</subfield>
    <subfield code="x">icon</subfield>
    <subfield code="y">MPS 1381406</subfield>
  </datafield>
  <datafield tag="905" ind1=" " ind2=" ">
    <subfield code="a">published in</subfield>
  </datafield>
  <datafield tag="980" ind1=" " ind2=" ">
    <subfield code="a">NONREF</subfield>
  </datafield>
</record>
</collection>